Princezna se zlatou hvězdou - pokračování /
Princezna se zlatou hvězdou – pokračování Po generace se vyprávěl příběh o princezně se zlatou hvězdou na čele. Jenže pohádky nekončí svatbou ani návratem domů. Skutečný život začíná až poté. Princezna Lada se po letech míru ocitá v krajině, která se mění rychleji než staré písně. Prameny vysychají,...
Uloženo v:
| Hlavní autor: | |
|---|---|
| Médium: | E-kniha |
| Jazyk: | Czech |
| Vydáno: |
Praha :
PPKPP,
2026
|
| Tagy: |
Žádné tagy |
| LEADER | 02320nam a22002297i 4500 | ||
|---|---|---|---|
| 001 | 299207 | ||
| 007 | ta | ||
| 008 | 260425s2026 xr ||||| |||| 00| 0 cze d | ||
| 020 | |a 9990004264144 | ||
| 044 | |a xr | ||
| 100 | 1 | |a Kostka, Pavel |4 aut | |
| 245 | 1 | 0 | |a Princezna se zlatou hvězdou - pokračování / |c Kostka, Pavel |
| 264 | 1 | |a Praha : |b PPKPP, |c 2026 | |
| 300 | |a 1 online zdroj (111 stran) | ||
| 336 | |a text |b txt |2 rdacontent | ||
| 337 | |a bez média |b n |2 rdamedia | ||
| 338 | |a online zdroj |b cr |2 rdacarrier | ||
| 520 | 2 | |a Princezna se zlatou hvězdou – pokračování Po generace se vyprávěl příběh o princezně se zlatou hvězdou na čele. Jenže pohádky nekončí svatbou ani návratem domů. Skutečný život začíná až poté. Princezna Lada se po letech míru ocitá v krajině, která se mění rychleji než staré písně. Prameny vysychají, cesty se rozpadají, lidé ztrácejí důvěru a ti, kdo touží po moci, se skrývají za sliby a smlouvy. Lada musí znovu najít odvahu, která kdysi zachránila její království – tentokrát však ne proti drakům či zlým králům, ale proti strachu, chamtivosti a zapomnění. Spolu s Radovanem, Šimonem, Aničkou a tajemným Strážcem cest se vydává na dlouhou pouť napříč zemí, aby obnovila prameny, sjednotila rozhádané vesnice a postavila mosty. Nejen kamenné, ale i ty mezi lidmi. Každý krok přináší nové zkoušky, staré příběhy ožívají a Lada zjišťuje, že největší síla se neskrývá v kouzlech, ale v paměti, písních a odvaze říkat pravdu. Pohádkový svět Boženy Němcové se zde otevírá v novém, moderním a hlubším pokračování, které ctí původní atmosféru, ale přináší zcela nový příběh o odpovědnosti, naději a světle, které nezhasíná. Princezna se zlatou hvězdou – pokračování je příběh o tom, že i když se svět mění, dobro má stále svůj hlas. Stačí mu naslouchat. | |
| 910 | |a RBIT002 | ||
| 998 | |d 426414 |a https://core.palmknihy.cz/api/books/426414/cover?tdzmhj |b https://core.palmknihy.cz/api/books/426414/cover/400?tdzmhj |c https://core.palmknihy.cz/api/books/426414/cover/50?tdzmhj |e |g 111 |i 9990004264144 |j https://core.palmknihy.cz/api/books/426414/preview.epub |l |q 49 |r 1 |s https://www.palmknihy.cz/kniha/426414 |t ebook |y 2026 |z 1 | ||
| 999 | |d 299205 | ||